'I' US Cities Quiz Stats

Quiz not verified by Sporcle

Also try: 'J' US Cities
Challenge
Share
Tweet
Embed
Score 0/10 Timer 04:00
0 Plays Today
Rank US city % Correct
14.Indianapolis, Indiana
99%
98.Irvine, California
72.5%
107.Irving, Texas
72.2%
466.Iowa City, Iowa
63.2%
1,167.Ithaca, New York
46.6%
635.Idaho Falls, Idaho
45.4%
223.Inglewood, California
43.4%
227.Independence, Missouri
38.4%
342.Indio, California
26.9%
1,048.Inver Grove Heights, Minnesota
12%

You're not logged in!

Compare scores with friends on all Sporcle quizzes.
Join for Free
OR
Log In

You Might Also Like...

Show Comments

Extras

Created Aug 7, 2010SourceReportNominate

Top Quizzes Today


Score Distribution

Your Account Isn't Verified!

In order to create a playlist on Sporcle, you need to verify the email address you used during registration. Go to your Sporcle Settings to finish the process.

Report this User

Report this user for behavior that violates our Community Guidelines.

Details: